[Event "8th Asrian Memorial 2015"]
[Site "Yerevan ARM"]
[Date "2015.06.16"]
[Round "1.2"]
[White "Areshchenko, Alexander"]
[Black "Babayan, Armine"]
[Result "1-0"]
[WhiteTitle "GM"]
[WhiteElo "2656"]
[BlackElo "2145"]
[WhiteFideId "14109530"]
[BlackFideId "13304135"]
[EventDate "2015.06.16"]

1. e4 c5 2. Nf3 Nc6 3. Bb5 e6 4. Bxc6 bxc6 5. d3 Ne7 6. Qe2 Ng6 7. h4 h5 8. e5
f6 9. Qe4 Kf7 10. Rh3 Ne7 11. Nbd2 d5 12. exd6 Qxd6 13. b3 e5 14. Rh1 Qd5 15.
Bb2 Nf5 16. O-O-O Nd4 17. Qe3 g6 18. c4 Qd8 19. Nxd4 cxd4 20. Qe4 Qb6 21. f3 Bh6
22. Qe2 a5 23. Ba3 c5 24. Kc2 Bd7 25. Rb1 Bxd2 26. Kxd2 Rag8 27. Rhe1 Qd6 28.
Kc2 g5 29. hxg5 Rxg5 30. Rh1 Rhg8 31. Rbg1 a4 32. Bc1 axb3+ 33. axb3 R5g7 34.
Bh6 Rg3 35. Bd2 Qb6 36. Rxh5 Ra8 37. Rb1 Ra2+ 38. Kd1 Ba4 39. Ke1 Bc6 40. Kf2
Rg7 41. Rh8 Qc7 42. Kf1 Qa7 43. Qd1 Qb7 44. Rh2 Rxg2 45. Kxg2 Bxf3+ 46. Kf2 Ke6
47. Qe1 Bg4 48. Kg1 Bf5 49. Qg3 Ra8 50. Rf1 Qxb3 51. Rxf5 Kxf5 52. Qh3+ 1-0

[Event "8th Asrian Memorial 2015"]
[Site "Yerevan ARM"]
[Date "2015.06.16"]
[Round "1.3"]
[White "Permyakov, Evgeniy"]
[Black "Efimenko, Zahar"]
[Result "0-1"]
[BlackTitle "GM"]
[WhiteElo "2141"]
[BlackElo "2647"]
[WhiteFideId "34124923"]
[BlackFideId "14107201"]
[EventDate "2015.06.16"]

1. d4 g6 2. g3 Bg7 3. Bg2 c5 4. d5 d6 5. Nf3 Nf6 6. O-O b5 7. a4 b4 8. a5 O-O 9.
c4 bxc3 10. Nxc3 Ba6 11. Re1 Nbd7 12. h3 Qc7 13. Qc2 Rab8 14. e4 Rb4 15. Nd1
Rfb8 16. Bd2 R4b7 17. Bc3 Ne8 18. Bf1 Bxf1 19. Kxf1 Bxc3 20. bxc3 Nef6 21. a6
Rb6 22. Kg2 c4 23. Ra4 Qc8 24. Qe2 Nc5 25. Rxc4 Qxa6 26. Nd4 Rb1 27. Nc6 Re8 28.
Nb4 Qb5 29. Qa2 Rc1 30. Rd4 a5 31. Nc6 a4 32. e5 dxe5 33. Nxe5 Nb3 34. Rd3 Ra1
35. Qc2 Nxd5 36. Rf3 Nf6 37. Rh1 0-1

[Event "8th Asrian Memorial 2015"]
[Site "Yerevan ARM"]
[Date "2015.06.16"]
[Round "1.4"]
[White "Khismatullin, Denis"]
[Black "Ilyashev, Yerzhan"]
[Result "1-0"]
[WhiteTitle "GM"]
[WhiteElo "2646"]
[BlackElo "2128"]
[WhiteFideId "4142578"]
[BlackFideId "13706314"]
[EventDate "2015.06.16"]

1. e4 c6 2. Nc3 d5 3. Qe2 dxe4 4. Nxe4 Bf5 5. d3 e6 6. g4 Bxe4 7. dxe4 Nd7 8.
Bg2 Bc5 9. Nh3 Qb6 10. f4 Ne7 11. Nf2 Qc7 12. Bd2 Ng6 13. e5 Be7 14. O-O-O O-O-O
15. Kb1 Qb6 16. c3 f6 17. exf6 gxf6 18. Nd3 e5 19. f5 Ngf8 20. Be3 Qa6 21. Qf3
Nb6 22. Nc5 Rxd1+ 23. Rxd1 Bxc5 24. Bxc5 Nfd7 25. Be3 Nd5 26. Bf1 Qa4 27. Bc1
Nc5 28. Be2 Rd8 29. h4 b5 30. Rd2 Ne4 31. Rc2 Nc5 32. Qf2 Ne4 33. Qg2 Nc5 34.
Bf1 Kc7 35. b3 Qe4 36. Qxe4 Nxe4 37. Kb2 Nf4 38. Be2 Nf2 39. Be3 N2d3+ 40. Kb1
Ne1 41. Rd2 Nd5 42. Bh6 Nxc3+ 43. Kc1 Nxe2+ 44. Rxe2 Nd3+ 45. Kc2 Nb4+ 46. Kb2
Nd5 47. g5 Nf4 48. Re4 fxg5 49. hxg5 Kd6 50. Bg7 Nh3 51. Bxe5+ Kc5 52. b4+ Kb6
53. Rg4 c5 54. g6 Nf2 55. bxc5+ Kc6 56. Rd4 1-0

[Event "8th Asrian Memorial 2015"]
[Site "Yerevan ARM"]
[Date "2015.06.16"]
[Round "1.5"]
[White "Eranyan, Khachatur"]
[Black "Oleksiyenko, Mykhaylo"]
[Result "0-1"]
[BlackTitle "GM"]
[WhiteElo "2112"]
[BlackElo "2629"]
[WhiteFideId "13300342"]
[BlackFideId "4152417"]
[EventDate "2015.06.16"]

1. Nf3 g6 2. d4 Bg7 3. Bg5 Nf6 4. Nbd2 d6 5. c3 h6 6. Bh4 g5 7. Bg3 Nh5 8. e4 e6
9. Be2 Qe7 10. Qb3 Nd7 11. e5 Nxg3 12. exd6 cxd6 13. fxg3 O-O 14. O-O Nf6 15.
Rae1 Qc7 16. Bd3 Bd7 17. Qd1 Nd5 18. Bb1 f5 19. g4 fxg4 20. Nxg5 hxg5 21. Qxg4
Rxf1+ 22. Nxf1 Qb6 23. Qxg5 Qxb2 24. Qg6 Nf6 25. Ng3 Qxc3 26. Rf1 Be8 27. Qg5
Qxd4+ 28. Kh1 Rc8 29. Bf5 Bf7 30. h4 Rc4 31. Bh3 Qxh4 32. Qe3 Nd5 33. Qxa7 Qxg3
34. Qb8+ Kh7 35. Qxb7 Rf4 36. Rc1 Be5 0-1

[Event "8th Asrian Memorial 2015"]
[Site "Yerevan ARM"]
[Date "2015.06.16"]
[Round "1.6"]
[White "Krasenkow, Michal"]
[Black "Mesropian, Khachatur"]
[Result "1-0"]
[WhiteTitle "GM"]
[WhiteElo "2604"]
[BlackElo "2106"]
[WhiteFideId "1113100"]
[BlackFideId "13301390"]
[EventDate "2015.06.16"]

1. Nf3 Nf6 2. c4 g6 3. Nc3 d5 4. cxd5 Nxd5 5. Qa4+ Bd7 6. Qh4 Nf6 7. e4 Bg7 8.
e5 Ng4 9. d4 c5 10. dxc5 Nc6 11. Be2 h6 12. O-O g5 13. Qh5 Qa5 14. Rd1 Qxc5 15.
Ne4 Qc2 16. Rxd7 Qxe2 17. Qxg4 Nxe5 18. Rxe7+ Kf8 19. Rxf7+ Nxf7 20. Bd2 Re8 21.
Nc5 Kg8 22. Qf5 b6 23. Re1 Qb5 24. Rxe8+ Qxe8 25. Ne6 Rh7 26. Nxg7 Rxg7 27. Bc3
g4 28. Bxg7 gxf3 29. Bc3 Qa4 30. Qxf3 Qxa2 31. Qa8+ Kh7 32. Qe4+ Kg8 33. Qg6+
Kf8 34. Bb4+ Ke8 35. Qe4+ Kd7 36. Qb7+ Ke6 37. Qe7+ Kf5 38. h3 a5 39. Bc3 Ng5
40. Qe5+ 1-0

[Event "8th Asrian Memorial 2015"]
[Site "Yerevan ARM"]
[Date "2015.06.16"]
[Round "1.7"]
[White "Mnatsakanian, Eduard A"]
[Black "Pashikian, Arman"]
[Result "0-1"]
[WhiteTitle "IM"]
[BlackTitle "GM"]
[WhiteElo "2101"]
[BlackElo "2604"]
[WhiteFideId "13300083"]
[BlackFideId "13301578"]
[EventDate "2015.06.16"]

1. e4 c5 2. Nf3 d6 3. Bb5+ Nc6 4. d4 cxd4 5. Nxd4 Bd7 6. O-O g6 7. Nc3 Bg7 8.
Be3 Nf6 9. f3 O-O 10. Qd2 Ne5 11. Bxd7 Qxd7 12. b3 Rfc8 13. a4 Nc6 14. Nce2 d5
15. Nxc6 Qxc6 16. Nd4 Qc3 17. e5 Qxd2 18. Bxd2 Nd7 19. f4 Nc5 20. Bb4 e6 21.
Bxc5 Rxc5 22. Rad1 a6 23. Kf2 Bf8 24. Ke2 Rac8 25. Rd3 R5c7 26. Kd1 b5 27. axb5
axb5 28. Rff3 b4 29. Rf1 Bc5 30. Nf3 Bb6 31. Ne1 Ra7 32. g4 h6 33. f5 Bd8 34.
Rd4 Be7 0-1

[Event "8th Asrian Memorial 2015"]
[Site "Yerevan ARM"]
[Date "2015.06.16"]
[Round "1.8"]
[White "Andriasian, Zaven"]
[Black "Mirzoyan, David"]
[Result "1/2-1/2"]
[WhiteTitle "GM"]
[WhiteElo "2600"]
[BlackElo "2094"]
[WhiteFideId "13302000"]
[BlackFideId "13308386"]
[EventDate "2015.06.16"]

1. e4 e6 2. d4 d5 3. Nc3 Nf6 4. e5 Nfd7 5. f4 c5 6. Nf3 Nc6 7. Be3 Qb6 8. Qd2
Qxb2 9. Rb1 Qa3 10. Be2 a6 11. O-O cxd4 12. Nxd4 Nxd4 13. Bxd4 Bc5 14. Kh1 Bxd4
15. Qxd4 Qc5 16. Qd2 O-O 17. Bd3 b5 18. Ne2 g6 19. Rbe1 Nb6 20. Ng3 Ra7 21. Qe2
Nc4 22. h4 h5 23. Rf3 Re8 24. Kh2 Nb2 25. Qd2 Nxd3 26. cxd3 Qe7 27. Kh3 f5 28.
Ne2 Rc7 29. Rg3 Kg7 30. Nd4 Qc5 31. Qf2 b4 32. Re2 Bd7 33. Rg5 Kf7 34. Kh2 Qa7
35. Qe3 a5 36. Rb2 Rg8 37. Rb3 1/2-1/2

[Event "8th Asrian Memorial 2015"]
[Site "Yerevan ARM"]
[Date "2015.06.16"]
[Round "1.9"]
[White "Mkrtchyan, Sargis R."]
[Black "Hovhannisyan, Robert"]
[Result "0-1"]
[BlackTitle "GM"]
[WhiteElo "2085"]
[BlackElo "2599"]
[WhiteFideId "13307878"]
[BlackFideId "13302507"]
[EventDate "2015.06.16"]

1. e4 c6 2. d4 d5 3. Nc3 dxe4 4. Nxe4 Bf5 5. Ng3 Bg6 6. h4 h6 7. Nh3 Nf6 8. Nf4
Bh7 9. Bc4 e6 10. c3 Bd6 11. Ngh5 O-O 12. g4 Bxf4 13. Bxf4 Nxh5 14. gxh5 Nd7 15.
Rg1 Kh8 16. Qg4 Rg8 17. O-O-O Qa5 18. Qf3 Qf5 19. Bd3 Qd5 20. Qxd5 exd5 21. Be5
Rae8 22. f4 Bxd3 23. Rxd3 Nb6 24. f5 Nc4 25. Bf4 Re4 26. Rf1 Re2 27. Bd2 f6 28.
b3 Nd6 29. Re3 Rxe3 30. Bxe3 Re8 31. Kd2 Re4 32. Rf4 Rxf4 33. Bxf4 Nxf5 34. Bb8
a6 35. Kd3 Kg8 0-1

[Event "8th Asrian Memorial 2015"]
[Site "Yerevan ARM"]
[Date "2015.06.16"]
[Round "1.10"]
[White "Grigoryan, Karen H."]
[Black "Simonyan, Latush"]
[Result "1-0"]
[WhiteTitle "GM"]
[WhiteElo "2590"]
[BlackElo "2080"]
[WhiteFideId "13301004"]
[BlackFideId "13307444"]
[EventDate "2015.06.16"]

1. e4 c5 2. d4 cxd4 3. c3 d5 4. exd5 Qxd5 5. cxd4 Nc6 6. Nf3 e6 7. Nc3 Qd8 8.
Bd3 Nf6 9. O-O Be7 10. Bg5 O-O 11. Rc1 b6 12. Ne5 Bb7 13. Ba6 Bxa6 14. Nxc6 Qd7
15. Nxe7+ Qxe7 16. Re1 Bb7 17. d5 h6 18. d6 Qd7 19. Bxf6 gxf6 20. Ne4 Bxe4 21.
Rxe4 Rac8 22. h3 Kh7 23. Rh4 Qb5 24. Rxc8 Rxc8 25. d7 Rd8 26. Qd2 Qg5 27. Rd4
Qxd2 28. Rxd2 Kg7 29. Kh2 f5 30. Kg3 e5 31. Rd6 Kf8 32. Rd5 f6 33. Kh4 f4 34.
Kh5 Ke7 35. f3 Ke6 36. Rd1 f5 37. Kxh6 e4 38. Kg5 Ke5 39. h4 Rg8+ 40. Kh6 Rd8
41. Kg6 e3 42. h5 Ke6 43. h6 Rg8+ 44. Kh5 Rd8 45. h7 Kf6 46. Kh6 1-0

[Event "8th Asrian Memorial 2015"]
[Site "Yerevan ARM"]
[Date "2015.06.16"]
[Round "1.11"]
[White "Orizondo, Hugo"]
[Black "Ter-Sahakyan, Samvel"]
[Result "0-1"]
[BlackTitle "GM"]
[WhiteElo "2069"]
[BlackElo "2586"]
[WhiteFideId "2013177"]
[BlackFideId "13302531"]
[EventDate "2015.06.16"]

1. d4 d5 2. c4 c6 3. Nc3 Nf6 4. cxd5 cxd5 5. Bf4 Nc6 6. e3 a6 7. Bd3 Bg4 8. Nge2
e6 9. O-O Be7 10. Rc1 O-O 11. Na4 Nd7 12. a3 Rc8 13. b4 e5 14. dxe5 Ncxe5 15.
Rxc8 Qxc8 16. Nb6 Nxb6 17. Bxe5 Nc4 18. Qa1 Nxe5 19. Qxe5 Qe6 20. Qxe6 fxe6 21.
Rc1 Bd6 22. h3 Bh5 23. Nd4 Bf7 24. Be2 Rb8 25. f4 Kf8 26. Bd3 Ke7 27. h4 h6 28.
Be2 Be8 29. Kf2 Bd7 30. Ke1 Ra8 31. Nb3 b6 32. Kd2 a5 33. bxa5 bxa5 34. Nc5 Be8
35. Bg4 Bf7 36. a4 Rb8 37. Nd3 Be8 38. Bd1 Bd7 39. Bc2 Rb6 40. g4 Rb8 41. Rg1
Be8 42. h5 Bd7 43. g5 hxg5 44. Rxg5 Kf8 45. Rg6 Rb6 46. h6 gxh6 47. Rxh6 Kg7 48.
Rh5 Be8 49. Rg5+ Kf6 50. Rg8 Rb8 51. Rh8 Kg7 52. Rh1 Bf7 53. Rg1+ Kf6 54. Rh1
Rg8 55. Rh6+ Ke7 56. Rh7 Rg2+ 57. Kd1 Kf8 58. Rh8+ Kg7 59. Ra8 Ba3 60. Ra7 Kf6 0-1

[Event "8th Asrian Memorial 2015"]
[Site "Yerevan ARM"]
[Date "2015.06.16"]
[Round "1.12"]
[White "Zhigalko, Andrey"]
[Black "Manukyan, Artyom"]
[Result "1/2-1/2"]
[WhiteTitle "GM"]
[WhiteElo "2586"]
[BlackElo "2046"]
[WhiteFideId "13502247"]
[BlackFideId "13305786"]
[EventDate "2015.06.16"]

1. d4 d5 2. c4 e6 3. Nc3 Nf6 4. Bg5 c5 5. cxd5 cxd4 6. Qxd4 Be7 7. Nf3 exd5 8.
e3 Nc6 9. Bb5 O-O 10. Qd3 Be6 11. O-O h6 12. Bh4 Nb4 13. Qb1 Qb6 14. Rd1 Rad8
15. Nd4 Bg4 16. Nf5 Qe6 17. Nxe7+ Qxe7 18. Rd4 g5 19. Bg3 Nc6 20. Ra4 d4 21.
exd4 Nxd4 22. Bc4 Bh5 23. Qe1 Qd7 24. Qe5 Ng4 25. Qc5 b6 26. Qc7 Qxc7 27. Bxc7
Rd7 28. Bg3 Re8 29. h3 Nf6 30. f3 Bg6 31. Bf2 Kg7 32. Rd1 Red8 33. Rxd4 Rxd4 34.
Bxd4 Rxd4 35. Be2 Rd2 36. Rxa7 Rxb2 37. Re7 Nh5 38. a4 Nf4 39. Bf1 Rc2 40. Nb5
Ra2 41. Nc3 Rc2 42. Nb5 Ra2 43. Nc3 1/2-1/2

[Event "8th Asrian Memorial 2015"]
[Site "Yerevan ARM"]
[Date "2015.06.16"]
[Round "1.13"]
[White "Danielyan, Vahe"]
[Black "Minasian, Artashes"]
[Result "0-1"]
[BlackTitle "GM"]
[WhiteElo "2043"]
[BlackElo "2488"]
[WhiteFideId "13304828"]
[BlackFideId "13300040"]
[EventDate "2015.06.16"]

1. e4 g6 2. d4 Bg7 3. Nc3 a6 4. Nf3 b5 5. Be2 Bb7 6. O-O d6 7. a4 b4 8. Nd5 a5
9. Re1 Bxd5 10. exd5 Nf6 11. Bb5+ Kf8 12. Bc4 Nbd7 13. Bg5 h6 14. Bxf6 Bxf6 15.
Qd3 Kg7 16. h4 Nb6 17. Bb3 Qc8 18. c4 bxc3 19. bxc3 Rb8 20. Re4 Qb7 21. g4 g5
22. Rae1 Nxd5 23. Bxd5 Qxd5 24. Nd2 gxh4 25. Nc4 e6 26. Ne3 Qb3 27. Ng2 Rhg8 28.
Qe3 Qc2 29. Nf4 Kh7 30. Nh5 Bg5 31. Qf3 Rbf8 32. d5 f5 33. R4e2 Qxa4 34. dxe6
Qxg4+ 35. Qxg4 fxg4 36. e7 Re8 37. Re6 Rg6 38. R6e4 d5 39. Rxg4 Bd2 40. Rxg6
Kxg6 41. Re2 Bg5 0-1

[Event "8th Asrian Memorial 2015"]
[Site "Yerevan ARM"]
[Date "2015.06.16"]
[Round "1.14"]
[White "Harutyunian, Tigran K."]
[Black "Hakobyan, Hovhannes H."]
[Result "1-0"]
[WhiteTitle "IM"]
[WhiteElo "2472"]
[BlackElo "2041"]
[WhiteFideId "13303635"]
[BlackFideId "13306308"]
[EventDate "2015.06.16"]

1. c4 Nf6 2. Nc3 g6 3. d4 Bg7 4. Nf3 O-O 5. Bg5 c5 6. d5 b5 7. cxb5 a6 8. e3 d6
9. a4 h6 10. Bxf6 Bxf6 11. Nd2 Qa5 12. Ra3 Qb4 13. Rb3 Qh4 14. b6 Bb7 15. g3 Qg5
16. h4 Qf5 17. Bh3 Qd3 18. Bg2 Qf5 19. Bh3 Qd3 20. e4 Qd4 21. Qe2 Bh8 22. O-O a5
23. Nc4 Na6 24. Nb5 Nb4 1-0

[Event "8th Asrian Memorial 2015"]
[Site "Yerevan ARM"]
[Date "2015.06.16"]
[Round "1.15"]
[White "Mirab, Amir"]
[Black "Babujian, Levon"]
[Result "0-1"]
[BlackTitle "GM"]
[WhiteElo "2031"]
[BlackElo "2459"]
[WhiteFideId "12506265"]
[BlackFideId "13301993"]
[EventDate "2015.06.16"]

1. c4 e5 2. Nc3 Nf6 3. g3 d5 4. cxd5 Nxd5 5. Bg2 Nb6 6. d3 Be7 7. Be3 O-O 8. Qd2
c6 9. Nf3 N8d7 10. O-O Nd5 11. Bh3 Nxe3 12. Qxe3 Bc5 13. Qd2 f5 14. d4 exd4 15.
Na4 Be7 16. Nxd4 Nb6 17. Nxb6 axb6 18. Rfd1 Qd5 19. Qc3 Bc5 20. Bg2 Qf7 21. Qb3
Qxb3 22. Nxb3 Be7 23. Rd2 f4 24. a3 Bg5 25. Rd6 Bg4 26. Rad1 Bxe2 27. Re1 Rae8
28. Nd4 Bg4 29. Rxe8 Rxe8 30. Nf3 Bf6 31. Rd2 b5 32. gxf4 Re4 33. h3 Bf5 34. Nh4
Re1+ 0-1

[Event "8th Asrian Memorial 2015"]
[Site "Yerevan ARM"]
[Date "2015.06.16"]
[Round "1.16"]
[White "Shahinyan, David"]
[Black "Chubar, Vladimir"]
[Result "1-0"]
[WhiteTitle "FM"]
[BlackTitle "IM"]
[WhiteElo "2455"]
[BlackElo "2021"]
[WhiteFideId "13304380"]
[BlackFideId "14101491"]
[EventDate "2015.06.16"]

1. e4 e6 2. d4 d5 3. e5 Ne7 4. Nf3 b6 5. c3 Qd7 6. a4 a5 7. Na3 Ba6 8. Bxa6 Nxa6
9. h4 h5 10. Bg5 Nf5 11. Nc2 Be7 12. Bxe7 Qxe7 13. Ne3 Nh6 14. Ng5 g6 15. Qe2
Kf8 16. g4 hxg4 17. Nxg4 Nxg4 18. Qxg4 Rh5 19. Rh3 Kg7 20. Rf3 Rxg5 21. hxg5 Rh8
22. O-O-O Rh5 23. Rg1 c5 24. Rh3 Qe8 25. Rxh5 gxh5 26. Qxh5 Qxa4 27. Qh6+ Kg8
28. Rh1 Qa1+ 29. Kc2 Nb4+ 30. cxb4 Qa4+ 31. Kb1 1-0

[Event "8th Asrian Memorial 2015"]
[Site "Yerevan ARM"]
[Date "2015.06.16"]
[Round "1.17"]
[White "Sayadyan, Edvard"]
[Black "Petrosyan, Manuel"]
[Result "0-1"]
[BlackTitle "IM"]
[WhiteElo "2014"]
[BlackElo "2449"]
[WhiteFideId "13304909"]
[BlackFideId "13300857"]
[EventDate "2015.06.16"]

1. e4 c5 2. Nf3 e6 3. d4 cxd4 4. Nxd4 Nc6 5. Nc3 Qc7 6. Be3 a6 7. Qf3 Nf6 8.
O-O-O Ne5 9. Qg3 b5 10. f4 Neg4 11. e5 Nxe3 12. Qxe3 b4 13. Ne4 Nxe4 14. Qxe4
Bb7 15. Qe3 Rc8 16. Kb1 d6 17. Be2 dxe5 18. fxe5 Bc5 19. Rd2 O-O 20. Rc1 a5 21.
Qg3 Qb6 22. Rcd1 a4 23. Nb5 Bd5 24. Bd3 Rfd8 25. Qh4 h6 26. g4 Be3 27. Re2 Bf3
28. Nd6 Bxe2 29. Nxc8 Rxc8 30. Bxe2 b3 31. axb3 axb3 32. cxb3 g5 33. Qe1 Qxb3
34. Bd3 Ra8 35. Be2 Qa2+ 36. Kc2 Rc8+ 0-1

[Event "8th Asrian Memorial 2015"]
[Site "Yerevan ARM"]
[Date "2015.06.16"]
[Round "1.18"]
[White "Mikaelyan, Arman"]
[Black "Zahedifar, Anahita"]
[Result "1-0"]
[WhiteTitle "IM"]
[BlackTitle "WFM"]
[WhiteElo "2437"]
[BlackElo "2008"]
[WhiteFideId "13304852"]
[BlackFideId "12560715"]
[EventDate "2015.06.16"]

1. Nf3 d5 2. g3 c6 3. Bg2 Nf6 4. O-O Bf5 5. c4 e6 6. cxd5 cxd5 7. Nc3 Nc6 8. Nh4
Bg4 9. d3 Be7 10. h3 Bh5 11. g4 Nd7 12. gxh5 Bxh4 13. e4 d4 14. Ne2 Qa5 15. Ng3
Nde5 16. Qb3 Qb4 17. Qc2 Qb5 18. Rd1 h6 19. a3 Nd7 20. Qe2 Nf6 21. e5 Nd7 22.
Bf4 Bg5 23. Ne4 Be7 24. a4 Qa5 25. Nd2 Qc7 26. Nc4 Bg5 27. Nd6+ Ke7 28. Bg3 Kf8
29. f4 Be7 30. f5 Ndxe5 31. Nb5 Qa5 32. Bxe5 Nxe5 33. Qxe5 a6 34. b4 Bxb4 35. f6
g5 36. hxg6 fxg6 37. Qxe6 Re8 38. Qd7 1-0

[Event "8th Asrian Memorial 2015"]
[Site "Yerevan ARM"]
[Date "2015.06.16"]
[Round "1.19"]
[White "Davtyan, Artur"]
[Black "Hayrapetyan, Hovik"]
[Result "0-1"]
[BlackTitle "GM"]
[WhiteElo "1988"]
[BlackElo "2436"]
[WhiteFideId "13308327"]
[BlackFideId "13302639"]
[EventDate "2015.06.16"]

1. Nf3 Nf6 2. g3 d5 3. Bg2 c6 4. c4 Bf5 5. cxd5 cxd5 6. Qb3 Qb6 7. Qxb6 axb6 8.
Nc3 Bd7 9. d3 e6 10. O-O b5 11. Ne5 b4 12. Nxd7 Kxd7 13. Nb5 Nc6 14. e4 Be7 15.
a4 bxa3 16. bxa3 d4 17. Bb2 Bc5 18. Rfc1 b6 19. a4 Ra6 20. a5 Rxa5 21. Rxa5 Nxa5
22. Nxd4 Bxd4 23. Bxd4 Nb3 24. Rc4 b5 25. Rb4 Nxd4 26. Rxd4+ Kc6 27. Rb4 Kc5 28.
Rb3 Rb8 29. Kf1 b4 30. Ke2 Kd4 31. Kd2 Nd7 32. Bf1 Nc5 33. Rb1 b3 34. Rc1 Rb4
35. f4 b2 36. Rb1 Na4 37. Kc2 Rb8 38. h3 Ke3 39. Re1+ Kf2 40. Rb1 Kxg3 41. f5
Rc8+ 42. Kd2 exf5 43. exf5 Rc1 44. Rxc1 bxc1=B+ 45. Kxc1 Kf2 46. d4 Kxf1 47. Kc2
Ke2 48. Kb3 Kd3 0-1

[Event "8th Asrian Memorial 2015"]
[Site "Yerevan ARM"]
[Date "2015.06.16"]
[Round "1.20"]
[White "Chibukhchian, Artur"]
[Black "Soupizon, Remi"]
[Result "1-0"]
[WhiteTitle "GM"]
[WhiteElo "2423"]
[BlackElo "1984"]
[WhiteFideId "13300717"]
[BlackFideId "615480"]
[EventDate "2015.06.16"]

1. d4 d5 2. c4 Nc6 3. Nc3 dxc4 4. d5 Ne5 5. f4 Nd7 6. e4 Nb6 7. a4 a5 8. Be3 e6
9. Bxb6 cxb6 10. Bxc4 Bb4 11. Bb5+ Kf8 12. dxe6 Bxe6 13. Qf3 Nf6 14. Ne2 Bg4 15.
Qe3 Qe7 16. e5 g5 17. Qxb6 Ng8 18. Qf2 Rc8 19. Rc1 gxf4 20. Qxf4 Bxe2 21. Bxe2
Rc5 22. O-O Rxe5 23. Bc4 f5 24. Kh1 Nf6 25. Qh6+ Qg7 26. Qh4 Qg6 27. Ne2 Kg7 28.
Nf4 Qg4 29. Ne6+ Kg6 30. Qf2 Rc8 31. Nf4+ Kg5 32. h3 Ne4 33. hxg4 Nxf2+ 34. Rxf2
Re1+ 35. Rxe1 Bxe1 36. Ne6+ Kxg4 37. Be2+ Kh4 38. Rf4+ 1-0

[Event "8th Asrian Memorial 2015"]
[Site "Yerevan ARM"]
[Date "2015.06.17"]
[Round "2.2"]
[White "Martirosyan, Haik M."]
[Black "Areshchenko, Alexander"]
[Result "1/2-1/2"]
[WhiteTitle "FM"]
[BlackTitle "GM"]
[WhiteElo "2344"]
[BlackElo "2656"]
[WhiteFideId "13306553"]
[BlackFideId "14109530"]
[EventDate "2015.06.16"]

1. d4 d6 2. c4 e5 3. Nf3 e4 4. Nfd2 f5 5. e3 Nf6 6. Nc3 c6 7. Be2 g6 8. O-O Bh6
9. b4 O-O 10. b5 c5 11. Nb3 b6 12. a4 Be6 13. f4 Nbd7 14. d5 Bf7 15. Bb2 g5 16.
Qe1 g4 1/2-1/2

[Event "8th Asrian Memorial 2015"]
[Site "Yerevan ARM"]
[Date "2015.06.17"]
[Round "2.3"]
[White "Efimenko, Zahar"]
[Black "Vuilleumier, Alexandre"]
[Result "1-0"]
[WhiteTitle "GM"]
[BlackTitle "IM"]
[WhiteElo "2647"]
[BlackElo "2354"]
[WhiteFideId "14107201"]
[BlackFideId "1305662"]
[EventDate "2015.06.16"]

1. e4 c5 2. Nf3 d6 3. Bb5+ Bd7 4. c4 Nf6 5. Nc3 g6 6. d4 cxd4 7. Nxd4 Bg7 8. O-O
O-O 9. Qe2 Nc6 10. Bxc6 bxc6 11. Rd1 Qa5 12. Nb3 Qa6 13. e5 Ng4 14. exd6 exd6
15. Bf4 Rfe8 16. Qf3 Ne5 17. Bxe5 Bxe5 18. Ne4 Bg4 19. Qxg4 f5 20. Nec5 dxc5 21.
Qh4 Bxb2 22. Rd7 Bg7 23. Rad1 h6 24. h3 1-0

[Event "8th Asrian Memorial 2015"]
[Site "Yerevan ARM"]
[Date "2015.06.17"]
[Round "2.4"]
[White "Hambardzumian, Yuri"]
[Black "Khismatullin, Denis"]
[Result "0-1"]
[WhiteTitle "IM"]
[BlackTitle "GM"]
[WhiteElo "2322"]
[BlackElo "2646"]
[WhiteFideId "13302795"]
[BlackFideId "4142578"]
[EventDate "2015.06.16"]

1. d4 Nf6 2. c4 e6 3. Nf3 d5 4. Nc3 c6 5. e3 Nbd7 6. Bd3 dxc4 7. Bxc4 b5 8. Bd3
a6 9. e4 c5 10. e5 cxd4 11. Nxb5 axb5 12. exf6 gxf6 13. O-O Qb6 14. Qe2 b4 15.
Bf4 Bb7 16. Rfc1 Bc5 17. Nd2 Rg8 18. Be4 f5 19. Bf3 Ke7 20. a4 Rac8 21. Bg3 d3
22. Qxd3 Rxg3 23. hxg3 Bxf2+ 24. Kh1 Rg8 25. Nc4 Rg6 26. Qd2 Qd4 0-1

[Event "8th Asrian Memorial 2015"]
[Site "Yerevan ARM"]
[Date "2015.06.17"]
[Round "2.5"]
[White "Oleksiyenko, Mykhaylo"]
[Black "Morchiashvili, Bachana"]
[Result "1-0"]
[WhiteTitle "GM"]
[BlackTitle "IM"]
[WhiteElo "2629"]
[BlackElo "2317"]
[WhiteFideId "4152417"]
[BlackFideId "13602535"]
[EventDate "2015.06.16"]

1. e4 c6 2. d4 d5 3. e5 Bf5 4. Nf3 e6 5. Be2 Nd7 6. O-O Ne7 7. Nbd2 Bg6 8. Nb3
Nf5 9. a4 Be7 10. a5 O-O 11. g4 Nh4 12. Nxh4 Bxh4 13. f4 Be4 14. Nd2 f6 15. Nxe4
dxe4 16. Bc4 Re8 17. exf6 Bxf6 18. g5 Be7 19. Bxe6+ Kh8 20. Bf7 Rf8 21. Qh5 h6
22. Kh1 Bd6 23. f5 Qe7 24. gxh6 1-0

[Event "8th Asrian Memorial 2015"]
[Site "Yerevan ARM"]
[Date "2015.06.17"]
[Round "2.6"]
[White "Vardanian, Haik G."]
[Black "Krasenkow, Michal"]
[Result "1/2-1/2"]
[WhiteTitle "FM"]
[BlackTitle "GM"]
[WhiteElo "2315"]
[BlackElo "2604"]
[WhiteFideId "13303562"]
[BlackFideId "1113100"]
[EventDate "2015.06.16"]

1. c4 e5 2. Nc3 Nf6 3. Nf3 Nc6 4. a3 g6 5. d4 exd4 6. Nxd4 Bg7 7. Bg5 h6 8. Bh4
O-O 9. e3 Nxd4 10. Qxd4 d6 11. Be2 Be6 12. Qd2 Qc8 13. O-O Nd7 14. Rad1 Re8 15.
f3 a5 16. Qc2 Nc5 17. b3 f5 18. Bf2 b6 19. Rb1 Bf7 20. Rfd1 Qd8 21. Bf1 Qf6 22.
Nd5 Bxd5 23. cxd5 Re7 24. Bb5 Qf7 25. Bc6 Rf8 26. Bb5 Rc8 27. Qc4 Nd7 28. Rd2
Ne5 29. Qa4 g5 30. Rc1 Kh8 31. b4 axb4 32. axb4 Rg8 33. Qa2 f4 34. exf4 Qxf4 35.
Bf1 g4 36. Bg3 Qe3+ 37. Bf2 Qg5 38. f4 Qxf4 39. Rdc2 Qxb4 40. Rxc7 Rxc7 41. Rxc7
Rf8 42. Ra7 Qf4 43. Ra4 Qc1 44. Ra8 Rxa8 45. Qxa8+ Kh7 46. Qa4 Qb1 47. Qb5 Qxb5
48. Bxb5 Kg6 49. Bxb6 Kf5 50. Bd4 Ke4 51. Bxe5 Bxe5 52. Bc6 h5 1/2-1/2